000 00516ntaaa2200205 4500
003 01
005 20251027202443.0
008 0714s1973 ag 01
040 _aAR-BaBN
_bspa
_cAR-BaBN
_eaacr
_dRIC
082 _a266.0220 M36
100 _aMarty, Martin E.
_93272
245 _aBabylon by choice
250 _a1 ed.
260 _aNY :
_bFriendship Press,
_cc1965
300 _a63 p.
500 _ala obra misionera en las ciudades urbanas y seculares
650 _aMisiones
650 _aCiudades
942 _cBK
999 _c19522
_d19522